Statistics for Primetime Emmy Award for Outstanding Lead Actor in a Comedy Series

Click here to take the quiz!

General Stats

  • This quiz has been taken 27 times
  • The average score is 18 of 30

Answer Stats

Answer% Correct
Alec Baldwin
92%
Jason Sudeikis
92%
Jim Parsons
83%
Ray Romano
83%
Dick Van Dyke
79%
Kelsey Grammer
79%
Alan Alda
71%
Bill Hader
71%
John Lithgow
71%
Michael J. Fox
71%
Ted Danson
71%
Eugene Levy
67%
Jon Cryer
63%
Tony Shalhoub
63%
Donald Glover
58%
John Ritter
58%
Carroll O'Connor
54%
Craig T. Nelson
54%
Jack Klugman
54%
Judd Hirsch
50%
Eric McCormack
46%
Jeffrey Tambor
46%
Robert Guillaume
46%
Burt Reynolds
42%
Richard Mulligan
42%
Ricky Gervais
42%
Tony Randall
42%
Don Adams
33%
Jack Albertson
25%
Wiliam Windom
13%

Score Distribution

Percentile by Number Answered

Percent of People with Each Score

Your Score History

You have not taken this quiz